000
00236nam a22000857a 4500
008
160712b xxu||||| |||| 00| 0 eng d
100
_9
2617
_a
Wiebe, K.F
245
_a
Aone: A Window's Search for Joy
260
_a
Illinois
_b
Tyndale House
_c
1976
999
_c
2272
_d
2272